Nigeria's international economic relations / (Record no. 750)

000 -LEADER
fixed length control field 01081cam a22003134a 4500
001 - CONTROL NUMBER
control field 14428150
003 - CONTROL NUMBER IDENTIFIER
control field OSt
005 - DATE AND TIME OF LATEST TRANSACTION
control field 20170213134851.0
008 - FIXED-LENGTH DATA ELEMENTS--GENERAL INFORMATION
fixed length control field 060626s2005 nr b 000 0 eng
010 ## - LIBRARY OF CONGRESS CONTROL NUMBER
LC control number 2006432048
020 ## - INTERNATIONAL STANDARD BOOK NUMBER
International Standard Book Number 9780020020
040 ## - CATALOGING SOURCE
Original cataloging agency DLC
Transcribing agency State House Library,Abuja
Modifying agency State House Library,Abuja.
042 ## - AUTHENTICATION CODE
Authentication code pcc
043 ## - GEOGRAPHIC AREA CODE
Geographic area code f-nr---
050 00 - LIBRARY OF CONGRESS CALL NUMBER
Classification number HF1616.7
Item number .N56 2005
245 00 - TITLE STATEMENT
Title Nigeria's international economic relations /
Statement of responsibility, etc [edited by U. Joy Ogwu, R. O. Olaniyan].
250 ## - EDITION STATEMENT
Edition statement 2nd ed.
260 ## - PUBLICATION, DISTRIBUTION, ETC. (IMPRINT)
Place of publication, distribution, etc Lagos :
Name of publisher, distributor, etc Nigerian Institute of International Affairs,
Date of publication, distribution, etc c2005.
300 ## - PHYSICAL DESCRIPTION
Extent xxv, 530 p. ;
Dimensions 22 cm.
504 ## - BIBLIOGRAPHY, ETC. NOTE
Bibliography, etc Includes bibliographical references.
651 #0 - SUBJECT ADDED ENTRY--GEOGRAPHIC NAME
Geographic name Nigeria
General subdivision Foreign economic relations.
651 #0 - SUBJECT ADDED ENTRY--GEOGRAPHIC NAME
Geographic name Nigeria
General subdivision Economic conditions
Chronological subdivision 1970-
700 1# - ADDED ENTRY--PERSONAL NAME
Personal name Ogwu, U. Joy.
700 1# - ADDED ENTRY--PERSONAL NAME
Personal name Olaniyan, R. Omotayo.
856 41 - ELECTRONIC LOCATION AND ACCESS
Materials specified Table of contents only
Uniform Resource Identifier http://www.loc.gov/catdir/toc/fy0610/2006432048.html
906 ## - LOCAL DATA ELEMENT F, LDF (RLIN)
a 7
b cbc
c orignew
d 3
e ncip
f 20
g y-gencatlg
942 ## - ADDED ENTRY ELEMENTS (KOHA)
Source of classification or shelving scheme
Koha item type Books
Holdings
Withdrawn status Lost status Source of classification or shelving scheme Materials specified (bound volume or other part) Damaged status Not for loan Collection code Permanent Location Current Location Shelving location Date acquired Source of acquisition Barcode Date last seen Price effective from Koha item type
      Bound Volume     Non-fiction CONFERENCE HALL-LIBRARY CONFERENCE HALL-LIBRARY General Stacks 2017-02-13 purchased 7155 2017-02-13 2017-02-13 Books
State House Library, Nigeria
State House Nigeria
Abuja, Federal Capital Territory, Nigeria.
Contact number: +2348055064818, +2348098381871
Library URL: https://library.statehouse.gov.ng

© State House Library, Nigeria. All rights reserved.